00453 a2200121 4500001001000000005001700010008004100027245013600068100002000204700002500224700002600249773005600275ART_6180620260410161802.0260409a 10aBreve análisis de la naturaleza jurídica del régimen de exteriorización y del régimen de regularización de la ley 277431 aGotlib, Gabriel1 aVaquero, Fernando M.1 aMazzilli, Santiago T.0 tDoctrina tributariag- Nº 536 (nov. 2024)wREV4296